000 00538nam a2200217Ia 4500
003 OSt
005 20220928141858.0
006 a|||||r|||| 00| 0
007 ta
008 220927b |||||||| |||| 00| 0 eng d
024 _a18249
037 _cTextual
040 _aSDCL
_cSDCL
_beng
041 _2eng
_aeng
082 _aX:87:(R4), L5
100 _aEngland George W
_9502612
245 0 _aManager and his values
260 _c1975
942 _hX:87:(R4), L5
_cTEXL
_2CC
999 _c820508
_d820508